000 00538nam a2200169Ia 4500
008 090711s9999 xx 000 0 und d
082 _b67993
100 _aकुंभोजकर ललिता
245 _aस्त्री माझे नाव
260 _c1991
300 _a94
600 _aकुंभोजकर ललिता
630 _aस्त्री माझे नाव
700 _aकुंभोजकर ललिता
730 _aस्त्री माझे नाव
942 _cBOOK
999 _c292380
_d292380